01256nam a2200325Ia 4500001001100000003000800011006001900019007001500038008004100053010001700094020001500111020003600126040002100162035002000183050002200203082001600225245011400241260006600355300002300421504005300444533015200497650002400649655002900673700001900702700002400721700002800745710001700773856012500790999001500915ebr5000197CaPaEBRm u cr cn|||||||||000815s2001 ne a sb 011 0 eng d z 00064165  z1556197926 z9027225729 (Amsterdam : hd.bd.) aCaPaEBRcCaPaEBR a(OCoLC)7076610214aP302b.P36 2001eb04a401/.4122100aPatterns of texth[electronic resource] :bin honour of Michael Hoey /cedited by Mike Scott, Geoff Thompson. aAmsterdam ;aPhiladelphia :bJohn Benjamins Pub. Co.,cc2001. avi, 323 p. :bill. aIncludes bibliographical references and indexes. aElectronic reproduction.bPalo Alto, Calif. :cebrary,d2013.nAvailable via World Wide Web.nAccess may be limited to ebrary affiliated libraries. 0aDiscourse analysis. 7aElectronic books.2local1 aHoey, Michael.1 aScott, Mike,d1946-1 aThompson, Geoff,d1947-2 aebrary, Inc.40uhttp://site.ebrary.com/lib/rucke/Doc?id=5000197zAn electronic book accessible through the World Wide Web; click to view c2683d2683